000 00593nam a22001937a 4500
005 20260320150647.0
010 _aENG-148095
020 _a9789395474153
_c1795.00
035 _aEN-131627
037 _bDBAD
082 _a954
_21
100 _aGoodman, Sam
_988684
245 _aThe Retrospective Raj:
_cSam Goodman
_bMedicine, Literature and History after Empire/
250 _a1
260 _aNew Delhi
_bSanctum Books
_c2022
270 _a68 Medical Association Road, Darya Ganj
_bNew Delhi
_e110002
300 _a238p.
_c24cm(hb)
_bIndex
942 _cEN
_h954
_2ddc
_mGOO
999 _c215695
_d215695